000 00623nam a2200193Ia 4500
003 SISC
005 20181010155555.0
008 180925s9999 xx 000 0 und d
020 _a9789719803065
050 _aQD 33.2
_b.M71 2015
100 _aMojica-Ocampo, Trinidad
245 _cTrinidan Mojica-Ocampo, Evangelina Batusin-Mora.--
_aLaboratory manual in general chemistry :
_bpart 1 /
250 _a2nd ed
260 _aPhilippines :
_bC & E Publishing, Inc.
_c2015
300 _axii, 106 pages :
_billustrations ;
_c26 cm.
500 _aPart 1
650 _aChemistry -- handbooks, manuals, etc.
942 _2lcc
_cBK
999 _c358853
_d358853